[Event "Goch op 24th"]
[Site "Goch"]
[Date "2013.09.08"]
[Round "6"]
[White "Bosboom, Harold"]
[Black "Aymans, Rainer"]
[Result "1/2-1/2"]
[WhiteElo "1966"]
[BlackElo "1887"]
[PlyCount "48"]
[EventDate "2013.09.05"]
[EventType "swiss"]
[EventRounds "7"]
[EventCountry "GER"]
[SourceTitle "EXT 2015"]
[Source "ChessBase"]
[SourceDate "2014.11.20"]
[SourceVersion "1"]
[SourceVersionDate "2014.11.20"]
[SourceQuality "1"]

1. d4 Nf6 2. Nf3 c5 3. e3 cxd4 4. exd4 g6 5. Bd3 Bg7 6. 0-0 0-0 7. c4 d5 8. h3 Nc6 9. Nc3 b6 10. Bg5 dxc4 11. Bxc4 Na5 12. Be2 Bb7 13. b4 Nc6 14. a3 h6 15. Be3 Rc8 16. Qd2 Kh7 17. Rac1 e6 18. Rfd1 Ne7 19. Ne5 Ned5 20. Bf3 Qe7 21. Nxd5 Nxd5 22. Rxc8 Rxc8 23. Rc1 Nxe3 24. Bxb7 Qxb7 1/2-1/2

[Event "Goch op 24th"]
[Site "Goch"]
[Date "2013.09.06"]
[Round "3"]
[White "Thomas, Ingo"]
[Black "Bosboom, Harold"]
[Result "1-0"]
[WhiteElo "2149"]
[BlackElo "1966"]
[PlyCount "41"]
[EventDate "2013.09.05"]
[EventType "swiss"]
[EventRounds "7"]
[EventCountry "GER"]
[SourceTitle "EXT 2015"]
[Source "ChessBase"]
[SourceDate "2014.11.20"]
[SourceVersion "1"]
[SourceVersionDate "2014.11.20"]
[SourceQuality "1"]

1. Nf3 Nf6 2. c4 c6 3. d4 d5 4. Nc3 e6 5. Bg5 h6 6. Bh4 dxc4 7. e4 g5 8. Bg3 b5 9. Be2 Bb7 10. h4 g4 11. Ne5 Bb4 12. 0-0 Bxc3 13. bxc3 Nxe4 14. Bxg4 Nf6 15. Re1 Bc8 16. Bf3 Bd7 17. a4 Qb6 18. axb5 Qxb5 19. Qd2 a5 20. Qf4 Ke7 21. h5 1-0

[Event "Brighton e2e4 Challengers"]
[Site "Brighton"]
[Date "2013.02.20"]
[Round "9"]
[White "Bosboom, Harold"]
[Black "Taylor, Adam A"]
[Result "1/2-1/2"]
[WhiteElo "1937"]
[BlackElo "1917"]
[PlyCount "27"]
[EventDate "2013.02.16"]
[EventType "swiss"]
[EventRounds "9"]
[EventCountry "ENG"]
[SourceTitle "EXT 2014"]
[Source "ChessBase"]
[SourceDate "2013.11.20"]
[SourceVersion "1"]
[SourceVersionDate "2013.11.20"]
[SourceQuality "1"]

1. e4 c5 2. Nf3 Nc6 3. d4 cxd4 4. Nxd4 e5 5. Nb5 d6 6. c4 Be7 7. N1c3 a6 8. Na3 Bg5 9. Nc2 Bxc1 10. Rxc1 Nge7 11. Be2 0-0 12. Bg4 f5 13. exf5 Nxf5 14. Bxf5 1/2-1/2

[Event "Brighton e2e4 Challengers"]
[Site "Brighton"]
[Date "2013.02.20"]
[Round "8"]
[White "Taylor, Dale C"]
[Black "Bosboom, Harold"]
[Result "1/2-1/2"]
[WhiteElo "1936"]
[BlackElo "1937"]
[PlyCount "27"]
[EventDate "2013.02.16"]
[EventType "swiss"]
[EventRounds "9"]
[EventCountry "ENG"]
[SourceTitle "EXT 2014"]
[Source "ChessBase"]
[SourceDate "2013.11.20"]
[SourceVersion "1"]
[SourceVersionDate "2013.11.20"]
[SourceQuality "1"]

1. Nf3 d5 2. c4 c6 3. b3 Nf6 4. Bb2 Bg4 5. e3 Nbd7 6. Be2 e6 7. d3 Be7 8. Nbd2 0-0 9. 0-0 Qb6 10. Ne5 Nxe5 11. Bxe5 Bf5 12. Qc2 Rfd8 13. e4 Bg6 14. Rab1 1/2-1/2

[Event "Brighton e2e4 Challengers"]
[Site "Brighton"]
[Date "2013.02.17"]
[Round "2"]
[White "Bosboom, Harold"]
[Black "Omtvedt, Per"]
[Result "0-1"]
[WhiteElo "1937"]
[BlackElo "2078"]
[PlyCount "142"]
[EventDate "2013.02.16"]
[EventType "swiss"]
[EventRounds "9"]
[EventCountry "ENG"]
[SourceTitle "EXT 2014"]
[Source "ChessBase"]
[SourceDate "2013.11.20"]
[SourceVersion "1"]
[SourceVersionDate "2013.11.20"]
[SourceQuality "1"]

1. d4 d5 2. c4 c6 3. Nf3 Nf6 4. g3 e6 5. Bg2 Be7 6. 0-0 0-0 7. Nc3 b6 8. Bg5 Nbd7 9. b3 Bb7 10. Re1 Rc8 11. Rc1 c5 12. cxd5 Nxd5 13. Bxe7 Nxe7 14. Nb5 Ba6 15. Nd6 Rc7 16. dxc5 Rxc5 17. Rxc5 bxc5 18. Qc2 h6 19. Rd1 Qc7 20. Nc4 Nd5 21. Rd2 N5b6 22. Nd6 Nd5 23. Nc4 N5b6 24. Nb2 Rc8 25. Qd1 Nf6 26. Qc2 Bb7 27. Nc4 Nxc4 28. Qxc4 Bd5 29. Qa4 Qb7 30. Rd1 Ne4 31. Qa5 Qb6 32. Qxb6 axb6 33. Ne5 Nc3 34. Rd2 b5 35. f3 f5 36. g4 Ra8 37. gxf5 Rxa2 38. Rxa2 Nxa2 39. fxe6 Bxe6 40. Nd3 c4 41. bxc4 bxc4 42. Ne1 c3 43. f4 Nb4 44. Be4 Bb3 45. Kf2 c2 46. Nxc2 Bxc2 47. Bxc2 Nxc2 48. e4 Kf7 49. Kf3 Nd4+ 50. Kg4 g6 51. f5 gxf5+ 52. exf5 Kf6 53. Kh5 Nxf5 54. h3 Kg7 55. Kg4 Kg6 56. Kf4 h5 57. Kf3 Kg5 58. Kf2 Kh4 59. Kg2 Nd4 60. Kh2 Nf3+ 61. Kg2 Ng5 62. Kh2 Nxh3 63. Kg2 Kg4 64. Kh2 h4 65. Kg2 Ng5 66. Kh2 Nf3+ 67. Kh1 Ne5 68. Kg2 h3+ 69. Kh2 Kh4 70. Kh1 Ng4 71. Kg1 Kg3 0-1

[Event "Brighton e2e4 Challengers"]
[Site "Brighton"]
[Date "2013.02.16"]
[Round "1"]
[White "Pein, Jonathan"]
[Black "Bosboom, Harold"]
[Result "0-1"]
[WhiteElo "1836"]
[BlackElo "1937"]
[PlyCount "106"]
[EventDate "2013.02.16"]
[EventType "swiss"]
[EventRounds "9"]
[EventCountry "ENG"]
[SourceTitle "EXT 2014"]
[Source "ChessBase"]
[SourceDate "2013.11.20"]
[SourceVersion "1"]
[SourceVersionDate "2013.11.20"]
[SourceQuality "1"]

1. e4 c6 2. d4 d5 3. e5 c5 4. dxc5 Nc6 5. Bf4 e6 6. Nd2 Bxc5 7. Nb3 Bb6 8. Qg4 Kf8 9. Bd3 Nge7 10. Nf3 Ng6 11. h4 Qc7 12. Bxg6 hxg6 13. c3 Rh5 14. Qg3 Bd7 15. Qh2 a5 16. g4 Rh8 17. Rc1 a4 18. Nbd4 Bxd4 19. Nxd4 Nxd4 20. cxd4 Qb6 21. Be3 Qxb2 22. 0-0 Bc6 23. h5 Qe2 24. Qf4 gxh5 25. f3 h4 26. Bd2 Qd3 27. Bb4+ Kg8 28. Be7 Ra5 29. Bxh4 Rxh4 30. Qg5 Qxd4+ 31. Rf2 Rh1+ 32. Kxh1 Qxf2 33. Qd8+ Kh7 34. Rc2 Qxf3+ 35. Rg2 Qh3+ 36. Rh2 d4+ 37. Kg1 Qxh2+ 38. Kxh2 Rd5 39. Qh4+ Kg8 40. g5 d3 41. g6 fxg6 42. Qe7 d2 43. Qxe6+ Kf8 44. Qxg6 d1Q 45. Qf5+ Ke7 46. Qg5+ Ke6 47. Qg6+ Kxe5 48. Qxg7+ Ke4 49. Qg6+ Kd4 50. Qf6+ Kc4 51. Qf4+ Rd4 52. Qf7+ Kc3 53. Qf2 Rd2 0-1

[Event "Brighton e2e4 Challengers-C"]
[Site "Brighton"]
[Date "2011.02.26"]
[Round "6"]
[White "Bosboom, Harold"]
[Black "Campbell, Eoin S"]
[Result "1-0"]
[WhiteElo "1931"]
[BlackElo "1943"]
[PlyCount "97"]
[EventDate "2011.02.23"]
[EventType "tourn"]
[EventRounds "9"]
[EventCountry "ENG"]
[SourceTitle "CBM 141 Extra"]
[Source "ChessBase"]
[SourceDate "2011.05.03"]
[SourceVersion "1"]
[SourceVersionDate "2011.05.03"]
[SourceQuality "1"]

1. e4 c5 2. Nf3 d6 3. d4 cxd4 4. Nxd4 Nf6 5. Nc3 a6 6. h3 e6 7. Be3 Be7 8. g4 h6 9. Bg2 Nc6 10. 0-0 Bd7 11. Nde2 Qc7 12. f4 g5 13. Qe1 0-0-0 14. Qf2 Rdg8 15. Bb6 Qb8 16. f5 h5 17. Nd4 hxg4 18. hxg4 d5 19. Bf3 Bd6 20. exd5 Rh2 21. dxc6 bxc6 22. Ba7 Qxa7 23. Nxc6 Qxf2+ 24. Rxf2 Bxc6 25. Bxc6 Nxg4 26. Rxh2 Bxh2+ 27. Kg2 exf5 28. Nd5 Rh8 29. Rf1 f4 30. Rf3 Bg3 31. Rc3 Rh2+ 32. Kf3 Ne5+ 33. Ke4 Re2+ 34. Kf5 Nxc6 35. Rxc6+ Kd7 36. Rc3 Kd6 37. Nf6 Re6 38. Ne4+ Rxe4 39. Kxe4 g4 40. Kf5 Kd5 41. Rd3+ Kc4 42. Kxg4 a5 43. Rd7 a4 44. b3+ axb3 45. cxb3+ Kb4 46. Rxf7 Ka3 47. Rxf4 Be1 48. Ra4+ Kb2 49. b4 1-0

[Event "Goch op 21st"]
[Site "Goch"]
[Date "2010.10.03"]
[Round "6"]
[White "Bosboom, Harold"]
[Black "Koch, Frank"]
[Result "1/2-1/2"]
[WhiteElo "1896"]
[BlackElo "2041"]
[PlyCount "67"]
[EventDate "2010.09.30"]
[EventType "swiss"]
[EventRounds "7"]
[EventCountry "GER"]
[SourceTitle "EXT 2012"]
[Source "ChessBase"]
[SourceDate "2011.11.24"]
[SourceVersion "1"]
[SourceVersionDate "2011.11.24"]
[SourceQuality "1"]

1. e4 e5 2. Nf3 Nc6 3. Bb5 a6 4. Ba4 Nf6 5. 0-0 Be7 6. Bxc6 dxc6 7. d3 Nd7 8. Nbd2 0-0 9. Nc4 f6 10. b3 Re8 11. Bb2 c5 12. Ne3 Nb8 13. Nh4 Nc6 14. Nhf5 Bd6 15. g3 Be6 16. f4 Bf8 17. fxe5 Nxe5 18. a4 Nc6 19. Rf2 Nd4 20. Qd2 Qd7 21. Nxd4 cxd4 22. Nf5 c5 23. a5 Bd6 24. Nxd6 Qxd6 25. Qf4 Qc6 26. Bc1 Rad8 27. g4 Qd7 28. Rg2 Bf7 29. Qg3 Rc8 30. Bd2 Rc6 31. Rf1 Re5 32. Bf4 Re7 33. Bd2 Re5 34. Bf4 1/2-1/2

[Event "Goch op 21st"]
[Site "Goch"]
[Date "2010.10.01"]
[Round "2"]
[White "Bosboom, Harold"]
[Black "Bussard, Christian"]
[Result "1-0"]
[WhiteElo "1896"]
[BlackElo "2106"]
[PlyCount "71"]
[EventDate "2010.09.30"]
[EventType "swiss"]
[EventRounds "7"]
[EventCountry "GER"]
[SourceTitle "EXT 2012"]
[Source "ChessBase"]
[SourceDate "2011.11.24"]
[SourceVersion "1"]
[SourceVersionDate "2011.11.24"]
[SourceQuality "1"]

1. e4 c5 2. Nf3 g6 3. d4 Bg7 4. c3 cxd4 5. cxd4 d6 6. Bb5+ Bd7 7. Bxd7+ Qxd7 8. 0-0 Nf6 9. Nc3 0-0 10. h3 Na6 11. Qe2 Nc7 12. a4 a5 13. Rd1 b5 14. axb5 Rfb8 15. Bg5 Nxb5 16. e5 Nxc3 17. bxc3 Nd5 18. Rdc1 h6 19. Bd2 Rb2 20. Qe4 dxe5 21. c4 Nc7 22. Bc3 f5 23. Qe1 Rb3 24. Nxe5 Qd6 25. Rxa5 Rxa5 26. Bxa5 Ne8 27. c5 Qxd4 28. Nxg6 Kh7 29. Nxe7 f4 30. Nf5 Qd5 31. Nxg7 Nxg7 32. c6 f3 33. c7 Qg5 34. g3 Nf5 35. c8Q Re3 36. Qxf5+ 1-0